000 00662nas a2200241 4500
001 BR8107467
003 BR-BrBNA
005 20231205084909.0
007 ta
008 230509b bl.|||p| |||| 00| 00por d
040 _aBR-BrBNA
_bpor
_cBiblioteca Nacional de Agricultura
041 _a(Pt)
072 _aL72
100 1 _aJuruena, L.F.
100 1 _aCachapuz, L.M.M.
245 1 _aFormiga - inimiga das abelhas [Apis melifera]
650 _aAPICULTURA
650 _aABELHA
650 _aFORMIGA
773 0 _tLavoura Pecuaria (Brazil)
_x
_g(Jun 1981), v. 4(16) p. 30-31
_wBR8107467
909 _a202311
_bLúcia
_c55
_dLúcia Elande
942 _2AGRIS
_n0
_cANA
999 _c107980
_d107980